000 00350nam a2200145Ia 4500
008 240624s9999 xx 000 0 und d
041 _aeng
082 _a658.84 RAY
100 _aRAYPORT JEFFREY F
245 _aINTRODUCTION TO ECOMMERCE
250 _a(2nd ed.)
260 _c2003
_aNew Delhi
_bTata McGrawhill
300 _axxvii, : 516
365 _cRS
999 _c921
_d921